Genesis creation by day (Bible, God) - Statistics

General Stats
  • This quiz has been taken 27 times
  • The average score is 8 of 10
Answer Stats
Answer % Correct
Land and Sea
100%
Land Animals
95%
Light
95%
Fish
90%
Humans
90%
Plants
81%
Sky
76%
Celestial Bodies
71%
Rest
71%
Birds
62%
No matching quizzes found
Score Distribution
Percent of People with Each Score
Percentile by Number Answered
Your Score History
You have not taken this quiz